[Event "North Island-ch Staurt Memorial"]
[Site "Auckland"]
[Date "2023.07.13"]
[Round "1"]
[White "Johns, Daniel"]
[Black "Tao, Junqing Jerome"]
[Result "1/2-1/2"]
[WhiteElo "1724"]
[BlackElo "1447"]
[PlyCount "73"]
[EventDate "2023.07.13"]
[EventType "swiss"]
[EventRounds "8"]
[EventCountry "NZL"]
[SourceTitle "EXT 2024"]
[Source "ChessBase"]
[SourceDate "2023.10.10"]
[SourceVersion "1"]
[SourceVersionDate "2023.10.10"]
[SourceQuality "1"]

1. e4 c6 2. d4 d5 3. exd5 cxd5 4. Bd3 Nc6 5. c3 Nf6 6. Bf4 e6 7. Nf3 Bd6 8. Bxd6 Qxd6 9. 0-0 0-0 10. Nbd2 e5 11. dxe5 Nxe5 12. Nxe5 Qxe5 13. Re1 Qf4 14. h3 Be6 15. Nf3 Ne4 16. Qc1 Qxc1 17. Raxc1 f5 18. Nd4 Bd7 19. Bb5 Rad8 20. f3 Nc5 21. Bxd7 Rxd7 22. Re2 g6 23. Rd1 Kf7 24. Kf2 Kf6 25. h4 a6 26. Rdd2 h6 27. b3 g5 28. hxg5+ hxg5 29. Nc2 g4 30. Nb4 Rfd8 31. Nd3 gxf3 32. gxf3 Nxd3+ 33. Rxd3 Rh8 34. Red2 Ke5 35. Re2+ Kf6 36. Red2 Ke5 37. Re2+ 1/2-1/2

[Event "North Island-ch Staurt Memorial"]
[Site "Auckland"]
[Date "2023.07.13"]
[Round "2"]
[White "Tao, Junqing Jerome"]
[Black "Cummings, Nick"]
[Result "0-1"]
[WhiteElo "1447"]
[BlackElo "1899"]
[PlyCount "74"]
[EventDate "2023.07.13"]
[EventType "swiss"]
[EventRounds "8"]
[EventCountry "NZL"]
[SourceTitle "EXT 2024"]
[Source "ChessBase"]
[SourceDate "2023.10.10"]
[SourceVersion "1"]
[SourceVersionDate "2023.10.10"]
[SourceQuality "1"]

1. e4 c6 2. d4 d5 3. Nd2 dxe4 4. Nxe4 Nf6 5. Nf3 h5 6. Bd3 Qxd4 7. Nc3 Qd5 8. h3 h4 9. Ne2 e5 10. Nc3 Bb4 11. Qe2 Bxc3+ 12. bxc3 e4 13. c4 Qe6 14. Ng5 exd3 15. Nxe6 dxe2 16. Nc7+ Kd8 17. Nxa8 Re8 18. Be3 Be6 19. Kxe2 Bxc4+ 20. Kd2 b6 21. Kc1 Nbd7 22. Rd1 Kc8 23. Bf4 Nd5 24. Bg5 b5 25. a4 Kb7 26. axb5 cxb5 27. Nc7 Kxc7 28. Rxa7+ Kc6 29. Bxh4 f6 30. Bg3 Re7 31. Kb2 b4 32. Re1 Re2 33. Rc1 Nc3 34. Rf1 b3 35. Rb1 Bd3 36. Ka1 Kb5 37. Ra5+ Kxa5 0-1

[Event "NZL-ch rapid op 130th"]
[Site "Wellington"]
[Date "2023.01.05"]
[Round "5"]
[White "Burns, Christopher John"]
[Black "Tao, Junqing Jerome"]
[Result "1-0"]
[WhiteElo "1926"]
[BlackElo "1355"]
[PlyCount "43"]
[EventDate "2023.01.04"]
[EventType "swiss (rapid)"]
[EventRounds "9"]
[EventCountry "NZL"]
[SourceTitle "CBM 212 Extra"]
[Source "ChessBase"]
[SourceDate "2023.03.31"]
[SourceVersion "1"]
[SourceVersionDate "2023.03.31"]
[SourceQuality "1"]

1. e4 e5 2. Nf3 Nc6 3. d4 exd4 4. Nxd4 Bc5 5. Nxc6 bxc6 6. Nc3 h6 7. Bc4 Nf6 8. 0-0 0-0 9. e5 Ne8 10. Qf3 Bb7 11. Bf4 d5 12. Rad1 Qe7 13. Bd3 f6 14. Qg3 fxe5 15. Bxe5 Nd6 16. Rde1 Qd7 17. Na4 Bb6 18. Nxb6 axb6 19. Qg6 Ne4 20. Rxe4 dxe4 21. Bc4+ Rf7 22. Qxg7# 1-0

[Event "NZL-ch op-B 130th"]
[Site "Wellington"]
[Date "2023.01.04"]
[Round "3"]
[White "Bates, Daniel"]
[Black "Tao, Junqing Jerome"]
[Result "0-1"]
[WhiteElo "1791"]
[BlackElo "1465"]
[PlyCount "72"]
[EventDate "2023.01.02"]
[EventType "swiss"]
[EventRounds "9"]
[EventCountry "NZL"]
[SourceTitle "CBM 212 Extra"]
[Source "ChessBase"]
[SourceDate "2023.03.31"]
[SourceVersion "1"]
[SourceVersionDate "2023.03.31"]
[SourceQuality "1"]

1. d4 d5 2. c4 dxc4 3. e4 Nc6 4. Nf3 Bg4 5. Be3 e5 6. d5 Bb4+ 7. Nc3 Bxc3+ 8. bxc3 Nce7 9. Qa4+ c6 10. dxc6 Nxc6 11. Nxe5 Bd7 12. Nxc6 Bxc6 13. Qxc4 Nf6 14. Bc5 Bxe4 15. f3 Bd5 16. Qe2+ Be6 17. Qb5+ Qd7 18. Qa5 b6 19. Bxb6 0-0 20. Bd4 Rfd8 21. Be2 Qe7 22. 0-0 Rd5 23. Qa6 Rd6 24. Bxf6 gxf6 25. Qb5 Bd7 26. Qb7 Qe3+ 27. Kh1 Bc6 28. Qb4 Re6 29. Rfe1 Qd2 30. Rad1 Rxe2 31. Rg1 Qg5 32. Rd4 Kh8 33. Qc4 Qxg2+ 34. Rxg2 Re1+ 35. Qf1 Rxf1+ 36. Rg1 Bxf3# 0-1

[Event "North Island-ch"]
[Site "Auckland"]
[Date "2022.07.17"]
[Round "8"]
[White "Hwang, Ryan"]
[Black "Tao, Junqing Jerome"]
[Result "0-1"]
[WhiteElo "1340"]
[BlackElo "1224"]
[PlyCount "176"]
[EventDate "2022.07.14"]
[EventType "swiss"]
[EventRounds "9"]
[EventCountry "NZL"]
[SourceTitle "EXT 2024"]
[Source "ChessBase"]
[SourceDate "2023.10.10"]
[SourceVersion "1"]
[SourceVersionDate "2023.10.10"]
[SourceQuality "1"]

1. e4 e5 2. Nf3 Nc6 3. Bc4 Bc5 4. c3 Nf6 5. d4 exd4 6. e5 d5 7. Bb3 Ne4 8. cxd4 Bb4+ 9. Bd2 Be7 10. Nc3 Bg4 11. Bxd5 Nxd4 12. Bxe4 c6 13. h3 Bh5 14. Bf4 c5 15. Qa4+ Kf8 16. Nxd4 cxd4 17. Nd5 Bg5 18. Bxg5 Qxg5 19. Qb4+ Kg8 20. Ne7+ Kf8 21. Ng6+ Kg8 22. Bf5 hxg6 23. Be4 Qxe5 24. Qxb7 Re8 25. f3 f5 26. Qb3+ Kh7 27. g4 fxe4 28. 0-0-0 exf3 29. Qxf3 Qf5 30. Qb3 Rc8+ 31. Qc3 dxc3 32. gxf5 Bxd1 33. fxg6+ Kxg6 34. Rg1+ Kf5 35. Rf1+ Ke4 36. Re1+ Kf4 37. Rxd1 cxb2+ 38. Kxb2 Rxh3 39. Rd7 Re8 40. Rf7+ Kg5 41. Rxg7+ Kf6 42. Rg2 Ree3 43. Rf2+ Ref3 44. Rc2 Ke6 45. Re2+ Kd5 46. Rd2+ Kc4 47. Rc2+ Kb4 48. Rg2 Rh4 49. Re2 Rhf4 50. Re7 Rf2+ 51. Kc1 Rf1+ 52. Kd2 R4f2+ 53. Kd3 Rd1+ 54. Ke3 Re1+ 55. Kxf2 Rxe7 56. a3+ Kxa3 57. Kf3 Kb3 58. Kf4 Kc4 59. Kf5 Kd5 60. Kf4 Re8 61. Kf3 Kd4 62. Kf2 Kd3 63. Kf3 Rf8+ 64. Kg4 Ke3 65. Kg5 a5 66. Kg6 a4 67. Kg7 Rf4 68. Kg6 a3 69. Kh7 a2 70. Kg6 a1Q 71. Kh5 Qg1 72. Kh6 Qd1 73. Kg5 Ra4 74. Kf5 Qf3+ 75. Ke5 Kd2 76. Kd6 Rd4+ 77. Kc5 Qc3+ 78. Kb5 Qe3 79. Kc5 Rd8+ 80. Kc4 Rc8+ 81. Kb4 Qb6+ 82. Ka3 Rc3+ 83. Ka4 Qa7+ 84. Kb4 Qd4+ 85. Kb5 Rc5+ 86. Kb6 Qd6+ 87. Kb7 Rc7+ 88. Ka8 Ke3 0-1

[Event "North Island-ch"]
[Site "Auckland"]
[Date "2022.07.17"]
[Round "9"]
[White "Tao, Junqing Jerome"]
[Black "Zhu, David Junyang"]
[Result "0-1"]
[WhiteElo "1224"]
[BlackElo "1535"]
[PlyCount "106"]
[EventDate "2022.07.14"]
[EventType "swiss"]
[EventRounds "9"]
[EventCountry "NZL"]
[SourceTitle "EXT 2024"]
[Source "ChessBase"]
[SourceDate "2023.10.10"]
[SourceVersion "1"]
[SourceVersionDate "2023.10.10"]
[SourceQuality "1"]

1. e4 c5 2. Nf3 d6 3. d4 cxd4 4. Nxd4 Nf6 5. Nc3 a6 6. Be3 e5 7. Nf3 Be7 8. Bd3 0-0 9. h3 Qc7 10. 0-0 Nbd7 11. Qd2 Nc5 12. Bxc5 Qxc5 13. Na4 Qc7 14. Qe3 Nd7 15. Nc3 Nf6 16. Na4 Be6 17. Qb6 Qd7 18. Nc3 Nh5 19. Ne2 Rfc8 20. Qe3 Rc7 21. Rac1 Rac8 22. a3 Bc4 23. Bxc4 Rxc4 24. Nd2 Rxc2 25. Rxc2 Rxc2 26. Qd3 Rc8 27. Nc4 Qe6 28. Na5 b6 29. Nb3 Qc4 30. Qf3 Nf6 31. Rc1 Qe6 32. Qe3 Rxc1+ 33. Nexc1 Nd7 34. Qc3 Nc5 35. Nxc5 dxc5 36. Qd3 b5 37. Qc3 c4 38. Ne2 Qd6 39. Ng3 g6 40. Qe3 Qd4 41. Qe2 Bh4 42. Kh2 Bxg3+ 43. Kxg3 a5 44. f3 b4 45. axb4 axb4 46. Qc2 b3 47. Qe2 c3 48. bxc3 Qxc3 49. Qa6 b2 50. Qa8+ Kg7 51. Qb8 Qe1+ 52. Kg4 h5+ 53. Kg5 Qg3# 0-1

[Event "NZL-ch Major op"]
[Site "Christchurch"]
[Date "2022.01.08"]
[Round "7"]
[White "Pakenham, John"]
[Black "Tao, Junqing Jerome"]
[Result "1-0"]
[WhiteElo "1561"]
[BlackElo "1138"]
[PlyCount "57"]
[EventDate "2022.01.02"]
[EventType "swiss"]
[EventRounds "9"]
[EventCountry "NZL"]
[SourceTitle "EXT 2024"]
[Source "ChessBase"]
[SourceDate "2023.10.10"]
[SourceVersion "1"]
[SourceVersionDate "2023.10.10"]
[SourceQuality "1"]

1. e4 e5 2. Bc4 Nf6 3. d3 Bc5 4. f4 d6 5. h3 Nfd7 6. Nf3 Nb6 7. Bb3 Nc6 8. c3 Nd7 9. Bc2 Qf6 10. fxe5 Ndxe5 11. Nbd2 Nxf3+ 12. Nxf3 Qg6 13. Qe2 Qg3+ 14. Kf1 0-0 15. d4 Bb6 16. Be3 a6 17. Bf2 Qf4 18. g3 Qh6 19. Kg2 Ne7 20. Be3 Qe6 21. Ng5 Qd7 22. Raf1 d5 23. Qh5 h6 24. Nxf7 Qe6 25. Ne5 dxe4 26. Bxe4 Qxa2 27. Rxf8+ Kxf8 28. Rf1+ Kg8 29. Qe8# 1-0

[Event "NZL-ch Major op"]
[Site "Christchurch"]
[Date "2022.01.05"]
[Round "4"]
[White "Tao, Junqing Jerome"]
[Black "Liu, William Rui"]
[Result "0-1"]
[WhiteElo "1138"]
[BlackElo "1398"]
[PlyCount "168"]
[EventDate "2022.01.02"]
[EventType "swiss"]
[EventRounds "9"]
[EventCountry "NZL"]
[SourceTitle "EXT 2024"]
[Source "ChessBase"]
[SourceDate "2023.10.10"]
[SourceVersion "1"]
[SourceVersionDate "2023.10.10"]
[SourceQuality "1"]

1. e4 c5 2. Nf3 Nc6 3. d4 cxd4 4. Nxd4 g6 5. Nxc6 bxc6 6. Qd4 Nf6 7. e5 Nd5 8. c4 Nc7 9. e6 f6 10. exd7+ Bxd7 11. g3 Bg7 12. h4 e5 13. Qd3 Bg4 14. Nc3 0-0 15. Qe4 Bf5 16. Qxc6 Ne6 17. Bg2 Nd4 18. Qd5+ Kh8 19. 0-0 Qe7 20. Be3 Rad8 21. Qa5 Nc2 22. Bc5 Qe8 23. Bxf8 Bxf8 24. Rad1 Rc8 25. Nd5 Bg7 26. Qxa7 Bg4 27. Rd2 Nd4 28. Re1 Qf8 29. Qe7 Qxe7 30. Nxe7 Rxc4 31. b3 Rc7 32. Nd5 Rc8 33. Nb6 Rb8 34. Nd7 Bxd7 35. f4 Bh6 36. Rdd1 Bg4 37. Rd3 Bg7 38. fxe5 fxe5 39. Be4 Rf8 40. b4 Bh6 41. a4 Be2 42. Rc3 Bd2 43. Rcc1 Bxc1 44. Rxc1 Rb8 45. b5 Bf3 46. Bxf3 Nxf3+ 47. Kf2 Nd4 48. Rb1 Rb6 49. Ke3 Kg7 50. Ke4 Kf6 51. Kd5 Rb8 52. b6 Rd8+ 53. Kc5 Ne6+ 54. Kc6 Ra8 55. Ra1 e4 56. a5 Nd4+ 57. Kb7 Re8 58. a6 Re7+ 59. Ka8 Re8+ 60. Ka7 e3 61. b7 e2 62. b8Q Nc6+ 63. Kb6 Nxb8 64. a7 Nd7+ 65. Kc7 Nc5 66. Re1 Re7+ 67. Kb6 Rb7+ 68. Kxc5 Rxa7 69. Rxe2 Kf5 70. Rg2 Kg4 71. Kd5 Kf3 72. Rg1 Kf2 73. Rh1 Kxg3 74. h5 Ra5+ 75. Ke6 Rxh5 76. Ra1 Rf5 77. Ra3+ Rf3 78. Ra7 Re3+ 79. Kf6 h5 80. Kxg6 h4 81. Kh5 Re5+ 82. Kh6 h3 83. Rg7+ Kf4 84. Rh7 h2 0-1